Все города Карелии - Statistics

General Stats
  • This quiz has been taken 32 times
  • The average score is 7 of 13
Answer Stats
Город % Correct
Петрозаводск
100%
Сортавала
75%
Медвежьегорск
63%
Кемь
59%
Беломорск
59%
Костомукша
56%
Кондопога
53%
Питкяранта
47%
Олонец
44%
Лахденпохья
41%
Сегежа
38%
Суоярви
38%
Пудож
22%
No matching quizzes found
Score Distribution
Percent of People with Each Score
Percentile by Number Answered
Your Score History
You have not taken this quiz